000 00739na a2200265 4500
001 20399
003 MIRAKIL
005 20181213154913.0
008 170118b tu 000 0
020 _a9754946981
040 _aMilas
_btur
_cTR-AnCHP
041 _atur
082 _a923.2
_bS28c 1998
090 _a923.2 S28c 1998
100 _aSav, Ergun
245 _aCumhuriyet bebeleri
_cErgun Sav
260 _aAnkara
_bBilgi Yayınevi
_c1998
300 _a115 s.
_c20 sm.
440 _aBilgi Yayınları
_v85
490 _aBilgi Dizisi
_v6
650 _aCumhuriyetçiler
_xYaşamöyküsü
650 _aCumhuriyet Dönemi
_xSiyasetçiler
_yYaşamöyküsü
651 _aTürkiye
_xCumhuriyet tarihi
_yKişiler
942 _2ddc
_cBKS
999 _c2889
_d2889